Приборно-модульные универсальные автоматизированные измерительные системы: Справочник

Opis bibliograficzny
Kolejni autorzy: Кузнецов В. А. Вениамин Алексеевич (редактор)
Język:rosyjski
Wydane: Москва, Радио и связь, 1993
Hasła przedmiotowe:
Format: MixedMaterials Książka
KOHA link:https://koha.lib.tpu.ru/cgi-bin/koha/opac-detail.pl?biblionumber=59759

MARC

LEADER 00000nam0a2200000 4500
001 59759
005 20231031060501.0
010 |a 5256006193 
035 |a (RuTPU)RU\TPU\book\63215 
090 |a 59759 
100 |a 20040126d1993 k y0rusy50 ca 
101 0 |a rus 
102 |a RU 
105 |a a g 001zy 
200 1 |a Приборно-модульные универсальные автоматизированные измерительные системы  |e Справочник  |f Под ред. В. А. Кузнецова 
210 |a Москва  |c Радио и связь  |d 1993 
215 |a 303 с.  |c ил. 
320 |a Библиогр.: с. 299-301 
610 1 |a вычислительная техника 
610 1 |a информационные системы 
610 1 |a измерительные системы 
610 1 |a справочники 
610 1 |a модульные системы 
610 1 |a электроника 
610 1 |a метрологическое обеспечение 
675 |a 681.518.3(035)  |v 3 
702 1 |a Кузнецов  |b В. А.  |g Вениамин Алексеевич  |4 340 
801 1 |a RU  |b 63413507  |c 20040126  |g PSBO 
942 |c BK